Obnova rodinného domu

Enregistré dans:
Détails bibliographiques
Auteur principal: Hýsek, Marek, 1990- (Auteur)
Autres auteurs: Puškár, Anton, 1948- (Directeur de thèse)
Format: Manuscrit Livre
Langue:slovaque
Publié: Bratislava : STU v Bratislave SvF, 2014
Sujets:
Accès en ligne:VAIS
https://opac.crzp.sk/?fn=detailBiblioForm&sid=EE95B465952BB5C00E0543B19651
Tags: Ajouter un tag
Pas de tags, Soyez le premier à ajouter un tag!

MARC

LEADER 00000ntm a22000003a 4500
001 stu297143
005 20230906151841.7
008 140919s2014----xo------------------slo-d
040 |a STU  |b slo 
041 0 |a slo 
044 |a xo 
100 1 |a Hýsek, Marek,  |d 1990-  |4 aut  |u V  |T SvF Stavebná fakulta  |X 7103  |U V  |Y 10  |7 A000007103 
242 0 0 |a  Restoration of family house  |y eng 
245 1 |a Obnova rodinného domu 
260 |a Bratislava :  |b STU v Bratislave SvF,  |c 2014 
650 7 |a nízkoenergetický dom  |2 stusub 
650 7 |a obnova  |2 stusub 
700 1 |a Puškár, Anton,  |d 1948-  |4 ths  |u V180  |U SvF Stavebná fakulta  |T SvF Katedra konštrukcií pozemných stavieb  |X 747  |U V180  |Y 18  |7 A000000747 
856 4 |a info a plný text  |u http://is.stuba.sk/zp/portal_zp.pl?podrobnosti=104374  |3 VAIS 
856 4 |a CRZP  |u https://opac.crzp.sk/?fn=detailBiblioForm&sid=EE95B465952BB5C00E0543B19651